Estatísticas para Marcas que começam com B

Clique aqui para jogar o quiz

Estatísticas Gerais

  • Esse quiz foi jogado 44 vezes
  • A pontuação média é 3 de 34

Estatísticas das Respostas

HinataResposta% Correto
1.BMW
79%
13.Bentley
26%
25.Burberry
16%
23.Burberry
16%
22.Burger King
16%
21.Bugatti
13%
2.Barbie
11%
7.Bayer
11%
15.BIC
11%
18.Bosch
11%
32.Budweiser
11%
28.Billabong
8%
8.BBC
5%
9.Ben & Jerry's
5%
10.Benetton
5%
12.Berska
5%
17.Blackberry
5%
30.Blockbuster
5%
5.Baci
3%
24.Bank of America
3%
29.Best Buy
3%
14.Billboard
3%
33.Buchanan’s
3%
34.Buscopan
3%
6.Banana Boat
0%
26.Bardahl
0%
27.Beats By Dr. Dre
0%
3.Becel
0%
11.Ben u ron
0%
16.Bimbo
0%
4.Bp
0%
31.Bridgestone
0%
20.British Airways
0%
19.Brother
0%

Distribuição das Pontuações

Percentil de Números Respondidos

Porcentagem de Pessoas com Cada Pontuação

Sua Pontuação Histórica

Você não jogou esse quiz